[Event "Arco Christmas op 11th"]
[Site "Arco"]
[Date "2021.12.27"]
[Round "3"]
[White "Budyi, Danylo"]
[Black "Zarpellon, Daniele"]
[Result "1/2-1/2"]
[WhiteElo "1928"]
[BlackElo "1971"]
[PlyCount "40"]
[EventDate "2021.12.26"]
[EventType "swiss"]
[EventRounds "7"]
[EventCountry "ITA"]
[SourceTitle "CBM 205 Extra"]
[Source "ChessBase"]
[SourceDate "2022.01.31"]
[SourceVersion "1"]
[SourceVersionDate "2022.01.31"]
[SourceQuality "1"]

1. d4 Nf6 2. c4 e6 3. Nc3 Bb4 4. Nf3 0-0 5. Bd2 b6 6. e3 Bb7 7. Bd3 Bxc3 8. Bxc3 Ne4 9. 0-0 f5 10. Nd2 Nxc3 11. bxc3 d6 12. Be2 Nd7 13. Bf3 Bxf3 14. Qxf3 e5 15. Qd5+ Kh8 16. f4 exf4 17. exf4 g6 18. Rae1 Re8 19. Nf3 h6 20. Rxe8+ Qxe8 1/2-1/2

[Event "Bassano del Grappa Spring op 1st"]
[Site "Bassano del Grappa"]
[Date "2021.03.12"]
[Round "1"]
[White "Zarpellon, Daniele"]
[Black "Shetty, Atulya"]
[Result "0-1"]
[WhiteElo "1950"]
[BlackElo "2447"]
[PlyCount "116"]
[EventDate "2021.03.12"]
[EventType "swiss"]
[EventRounds "5"]
[EventCountry "ITA"]
[SourceTitle "CBM 201 Extra"]
[Source "ChessBase"]
[SourceDate "2021.05.31"]
[SourceVersion "1"]
[SourceVersionDate "2021.05.31"]
[SourceQuality "1"]

1. d4 d5 2. Nf3 Nf6 3. c4 c6 4. e3 g6 5. Nc3 Bg7 6. a4 a5 7. Be2 0-0 8. 0-0 Na6 9. Bd2 c5 10. cxd5 cxd4 11. Nxd4 Nb4 12. d6 Qxd6 13. Ncb5 Qb6 14. Bxb4 axb4 15. Qb3 Qa5 16. Rfc1 Bd7 17. h3 Rfc8 18. Qd1 Rxc1 19. Qxc1 Qb6 20. Qd2 Bf8 21. Bc4 Ne4 22. Qe2 Nc5 23. b3 Qf6 24. Rd1 Rc8 25. Na7 Rd8 26. Nab5 Ne4 27. Qf3 Bxb5 28. Bxb5 Qxf3 29. gxf3 Nc3 30. Rf1 Bg7 31. Ne2 Nxb5 32. axb5 Rd2 33. Nf4 Bc3 34. Rb1 e5 35. Ng2 Rd5 36. e4 Rxb5 37. Ne3 Ra5 38. Kf1 Ra2 39. Kg2 Bd4 40. Nd1 Rc2 41. Kg3 Kg7 42. Kg2 Kf6 43. Kg3 Kg5 44. h4+ Kf6 45. Kg2 Ke6 46. Kg3 f5 47. Kg2 f4 48. Kh3 Kd6 49. Kg4 h6 50. h5 gxh5+ 51. Kxh5 Rd2 52. Kxh6 Rd3 53. Kg5 Rxf3 54. Kg4 Rd3 55. f3 Ke6 56. Rc1 Rxb3 57. Rc2 Rb1 58. Nf2 b3 0-1

[Event "Bassano del Grappa Vergani Cup 5th"]
[Site "Bassano del Grappa"]
[Date "2020.12.29"]
[Round "6"]
[White "Brini, Dario"]
[Black "Zarpellon, Daniele"]
[Result "1/2-1/2"]
[WhiteElo "1787"]
[BlackElo "1893"]
[PlyCount "80"]
[EventDate "2020.12.26"]
[EventType "swiss"]
[EventRounds "9"]
[EventCountry "ITA"]
[SourceTitle "CBM 200 Extra"]
[Source "ChessBase"]
[SourceDate "2021.03.31"]
[SourceVersion "1"]
[SourceVersionDate "2021.03.31"]
[SourceQuality "1"]

1. e4 c5 2. Nf3 e6 3. d4 cxd4 4. Nxd4 a6 5. Bd3 Qc7 6. Be3 Nf6 7. 0-0 Be7 8. Nc3 d6 9. h3 Nbd7 10. f4 b6 11. Qf3 Bb7 12. f5 e5 13. Nde2 0-0 14. g4 d5 15. Nxd5 Nxd5 16. exd5 Bc5 17. c4 e4 18. Bxe4 Bxe3+ 19. Qxe3 Rfe8 20. Qd4 Nf6 21. Nc3 Qd6 22. Kg2 Re5 23. Rae1 Rae8 24. Re2 h5 25. Bf3 Rxe2+ 26. Bxe2 h4 27. Rf3 Qb4 28. b3 Nxd5 29. Nxd5 Bxd5 30. Qxd5 Rxe2+ 31. Rf2 Qe7 32. Rxe2 Qxe2+ 33. Kh1 Qe1+ 34. Kg2 Qe2+ 35. Kh1 Qe1+ 36. Kg2 Qg3+ 37. Kf1 Qxh3+ 38. Qg2 Qd3+ 39. Qe2 Qg3 40. Qg2 Qd3+ 1/2-1/2

[Event "Bassano del Grappa Vergani Cup 5th"]
[Site "Bassano del Grappa"]
[Date "2020.12.28"]
[Round "4"]
[White "Costa, Vincenzo"]
[Black "Zarpellon, Daniele"]
[Result "0-1"]
[WhiteElo "1897"]
[BlackElo "1893"]
[PlyCount "69"]
[EventDate "2020.12.26"]
[EventType "swiss"]
[EventRounds "9"]
[EventCountry "ITA"]
[SourceTitle "CBM 200 Extra"]
[Source "ChessBase"]
[SourceDate "2021.03.31"]
[SourceVersion "1"]
[SourceVersionDate "2021.03.31"]
[SourceQuality "1"]

1. e4 g6 2. Nf3 Bg7 3. d4 d6 4. Nc3 a6 5. Be3 Nd7 6. Be2 Ngf6 7. h3 b5 8. a3 Bb7 9. d5 c5 10. Bd3 Rc8 11. Qd2 h6 12. 0-0 c4 13. Be2 Nc5 14. Bxc5 Rxc5 15. Nh2 h5 16. f4 Qb6 17. Kh1 Qc7 18. Rad1 a5 19. Nf3 b4 20. Na4 Nxe4 21. Qe1 Rxd5 22. Nd2 Rxd2 23. Rxd2 Nxd2 24. Qxd2 Bc6 25. b3 cxb3 26. cxb3 Bxa4 27. bxa4 Bc3 28. Bb5+ Kf8 29. Qd3 e6 30. Rc1 d5 31. axb4 axb4 32. Qe3 Kg7 33. Rc2 Rc8 34. Ba6 Qc5 35. Qd3 0-1

[Event "Chioggia op-A 13th"]
[Site "Chioggia"]
[Date "2018.09.29"]
[Round "3"]
[White "Savanovic, Aleksandar"]
[Black "Zarpellon, Daniele"]
[Result "1-0"]
[WhiteElo "2436"]
[BlackElo "1903"]
[PlyCount "97"]
[EventDate "2018.09.28"]
[EventType "swiss"]
[EventRounds "5"]
[EventCountry "ITA"]
[SourceTitle "EXT 2022"]
[Source "ChessBase"]
[SourceDate "2021.10.06"]
[SourceVersion "1"]
[SourceVersionDate "2021.10.06"]
[SourceQuality "1"]

1. Nf3 Nf6 2. d4 e6 3. Bf4 b6 4. e3 Bb7 5. h3 Be7 6. Nbd2 d6 7. Bd3 Nbd7 8. 0-0 Nf8 9. Bh2 N6d7 10. c3 Ng6 11. Qe2 Bf6 12. Rfd1 Qe7 13. Ba6 Bxa6 14. Qxa6 0-0 15. a4 Qd8 16. e4 Qc8 17. Qe2 e5 18. a5 Re8 19. d5 Nf4 20. Bxf4 exf4 21. Nd4 Ne5 22. N2f3 a6 23. axb6 cxb6 24. Nxe5 Bxe5 25. Nc6 f5 26. exf5 Qxf5 27. Qd3 Qxd3 28. Rxd3 Kf7 29. Ra4 g5 30. b4 b5 31. Ra3 Kf6 32. Rd2 h5 33. f3 g4 34. hxg4 hxg4 35. fxg4 Kg5 36. Kf1 Kxg4 37. Re2 Kg3 38. c4+ Kg4 39. c5 Kf5 40. Rh3 Rh8 41. Rxh8 Rxh8 42. Nxe5 dxe5 43. d6 Rh1+ 44. Kf2 Rd1 45. Rc2 e4 46. c6 e3+ 47. Ke2 Rg1 48. c7 Rxg2+ 49. Kd3 1-0

[Event "Chioggia op-A 03rd"]
[Site "Chioggia"]
[Date "2008.10.11"]
[Round "2"]
[White "Zarpellon, Daniele"]
[Black "Xia, Jie"]
[Result "1/2-1/2"]
[WhiteElo "2014"]
[BlackElo "2173"]
[PlyCount "92"]
[EventDate "2008.10.10"]
[EventType "swiss"]
[EventRounds "5"]
[EventCountry "ITA"]
[SourceTitle "EXT 2022"]
[Source "ChessBase"]
[SourceDate "2021.10.06"]
[SourceVersion "1"]
[SourceVersionDate "2021.10.06"]
[SourceQuality "1"]

1. e4 c5 2. c3 g6 3. d4 cxd4 4. cxd4 Bg7 5. Nf3 d6 6. Nc3 Nf6 7. Bb5+ Nfd7 8. 0-0 0-0 9. Be3 a6 10. Ba4 Nb6 11. Bb3 Bg4 12. h3 Bxf3 13. Qxf3 Nc6 14. Qd1 Rc8 15. Rc1 Na5 16. Ne2 Nbc4 17. Bxc4 Nxc4 18. b3 Nxe3 19. fxe3 Qa5 20. a4 Bh6 21. Qd3 e6 22. Kf2 f5 23. Rxc8 Rxc8 24. exf5 exf5 25. Rc1 Re8 26. Nf4 Bxf4 27. exf4 Kg7 28. d5 Qb6+ 29. Kf3 Re4 30. Rc4 Re7 31. Qd4+ Qxd4 32. Rxd4 Rc7 33. Ke3 Kf6 34. a5 h6 35. h4 g5 36. hxg5+ hxg5 37. g3 gxf4+ 38. Kxf4 Rg7 39. Rc4 Re7 40. Rb4 Re5 41. Rxb7 Rxd5 42. Rb6 Ke6 43. Rxa6 Rb5 44. Ra8 Rxb3 45. a6 Rb4+ 46. Ke3 Ra4 1/2-1/2

[Event "Montebelluna Week End"]
[Site "Montebelluna"]
[Date "2007.12.29"]
[Round "4.4"]
[White "Privitera, Franco"]
[Black "Zarpellon, Daniele"]
[Result "1-0"]
[WhiteElo "2113"]
[BlackElo "2001"]
[PlyCount "33"]
[EventDate "2007.12.27"]
[EventType "swiss"]
[EventRounds "7"]
[EventCountry "ITA"]
[SourceTitle "EXT 2024"]
[Source "ChessBase"]
[SourceDate "2023.10.10"]
[SourceVersion "1"]
[SourceVersionDate "2023.10.10"]
[SourceQuality "1"]

1. d4 c5 2. d5 e5 3. Nc3 d6 4. Nf3 f5 5. e4 Be7 6. Bb5+ Kf8 7. exf5 Bxf5 8. Bd3 Qd7 9. Nxe5 dxe5 10. Qf3 g6 11. g4 Nf6 12. gxf5 e4 13. Nxe4 h6 14. d6 c4 15. dxe7+ Qxe7 16. Be3 cxd3 17. Bc5 1-0

[Event "Montebelluna Week End"]
[Site "Montebelluna"]
[Date "2007.12.27"]
[Round "1.6"]
[White "Gallo, Enrico"]
[Black "Zarpellon, Daniele"]
[Result "1/2-1/2"]
[WhiteElo "2077"]
[BlackElo "2001"]
[PlyCount "93"]
[EventDate "2007.12.27"]
[EventType "swiss"]
[EventRounds "7"]
[EventCountry "ITA"]
[SourceTitle "EXT 2024"]
[Source "ChessBase"]
[SourceDate "2023.10.10"]
[SourceVersion "1"]
[SourceVersionDate "2023.10.10"]
[SourceQuality "1"]

1. e4 c5 2. Nf3 Nc6 3. d4 cxd4 4. Nxd4 e5 5. Nb5 d6 6. c4 a6 7. N5a3 Nf6 8. Nc3 Be7 9. Be2 0-0 10. Be3 Be6 11. 0-0 Ne8 12. Qd2 f5 13. exf5 Bxf5 14. Nd5 Nf6 15. Rac1 Kh8 16. Rfd1 Ne4 17. Qe1 Bg5 18. Bf3 Bxe3 19. Nxe3 Nc5 20. Nxf5 Rxf5 21. b4 Ne6 22. Bg4 Rf6 23. Bxe6 Rxe6 24. b5 axb5 25. cxb5 Ne7 26. Nc4 Rxa2 27. Qb4 d5 28. Ne3 Rf6 29. Ng4 Re6 30. Qb3 Ra8 31. Ne3 Rd6 32. Rc5 d4 33. Nc4 Qg8 34. Qf3 Rf6 35. Qxb7 Raf8 36. Rf1 Nf5 37. Nxe5 Ne3 38. Nd7 R6f7 39. Rc7 Nxf1 40. Nxf8 Rxf8 41. Kxf1 Qb3 42. g3 Qd1+ 43. Kg2 Qe2 44. Rf7 Rg8 45. Qf3 Qxb5 46. Rf8 Qc4 47. Rf4 1/2-1/2

[Event "Venice Autumn op 12th"]
[Site "Venice"]
[Date "2006.11.04"]
[Round "3"]
[White "Battistini, Matteo"]
[Black "Zarpellon, Daniele"]
[Result "0-1"]
[WhiteElo "2112"]
[BlackElo "1995"]
[PlyCount "68"]
[EventDate "2006.11.03"]
[EventType "swiss"]
[EventRounds "5"]
[EventCountry "ITA"]
[SourceTitle "CBM 115 Extra"]
[Source "ChessBase"]
[SourceDate "2007.01.10"]
[SourceVersion "1"]
[SourceVersionDate "2007.01.10"]
[SourceQuality "1"]

1. c4 Nf6 2. g3 g6 3. Bg2 Bg7 4. Nc3 c6 5. e4 d6 6. Nge2 e5 7. d3 0-0 8. 0-0 Na6 9. h3 Nc7 10. f4 Qe7 11. fxe5 dxe5 12. Be3 Rd8 13. Qd2 Be6 14. b3 Qd7 15. Bg5 Nce8 16. Rf3 Bxh3 17. Raf1 Bxg2 18. Kxg2 Qe6 19. Nc1 Rd7 20. Qf2 Ng4 21. Qe2 h5 22. Nd1 Bh6 23. Bxh6 Nxh6 24. Ne3 Ng4 25. b4 Nef6 26. Nb3 b6 27. a4 Nxe3+ 28. Qxe3 Ng4 29. Qe2 Qd6 30. c5 Qc7 31. cxb6 Qxb6 32. Nc5 Re7 33. Qa2 Rf8 34. Ne6 Rxe6 0-1

[Event "Bassano del Grappa op 5th"]
[Site "Bassano del Grappa"]
[Date "2005.12.27"]
[Round "2"]
[White "Mogranzini, Roberto"]
[Black "Zarpellon, Daniele"]
[Result "1-0"]
[WhiteElo "2353"]
[BlackElo "2010"]
[PlyCount "112"]
[EventDate "2005.12.26"]
[EventType "swiss"]
[EventRounds "5"]
[EventCountry "ITA"]
[SourceTitle "EXT 2007"]
[Source "ChessBase"]
[SourceDate "2006.11.23"]
[SourceVersion "1"]
[SourceVersionDate "2006.11.23"]
[SourceQuality "1"]

1. e4 c5 2. Nf3 Nc6 3. d4 cxd4 4. Nxd4 g6 5. c4 Bg7 6. Be3 Nf6 7. Nc3 d6 8. f3 Bd7 9. Qd2 Nxd4 10. Bxd4 a5 11. Be2 0-0 12. 0-0 Bc6 13. Rac1 Nd7 14. Be3 Nc5 15. b3 Qb6 16. Rb1 Rfc8 17. Rfc1 Qd8 18. a3 a4 19. bxa4 Nxa4 20. Nd5 Bxd5 21. exd5 b6 22. Qb4 Rcb8 23. Bd1 Nc5 24. Bc2 Qf8 25. Re1 Bf6 26. Kh1 Qg7 27. Bd2 Ra6 28. f4 Rba8 29. Re3 Kf8 30. Rh3 Kg8 31. Rg3 Kh8 32. Re1 Bh4 33. Bc3 f6 34. Bb2 Bxg3 35. hxg3 Kg8 36. Re3 Kf8 37. Kg1 Qf7 38. g4 R8a7 39. Qe1 Qg8 40. g5 f5 41. g4 Qf7 42. gxf5 gxf5 43. Qh4 Ke8 44. Bd1 Kd8 45. Bh5 Qf8 46. Be2 Qf7 47. Rh3 Ne4 48. Bh5 Qf8 49. Qe1 Ra4 50. Bd1 Qf7 51. Bxa4 Rxa4 52. Qe3 Kc7 53. Qb3 Ra5 54. Bd4 Nc5 55. Qb1 Nd7 56. Qe1 Nc5 1-0

[Event "Padova op 8th"]
[Site "Padova"]
[Date "2005.12.16"]
[Round "7"]
[White "Chiesa, Roberto"]
[Black "Zarpellon, Daniele"]
[Result "0-1"]
[WhiteElo "1634"]
[BlackElo "2010"]
[PlyCount "174"]
[EventDate "2005.12.10"]
[EventType "swiss"]
[EventRounds "9"]
[EventCountry "ITA"]
[SourceTitle "EXT 2008"]
[Source "ChessBase"]
[SourceDate "2007.11.25"]
[SourceVersion "1"]
[SourceVersionDate "2007.11.25"]
[SourceQuality "1"]

1. d4 d5 2. Nf3 Nf6 3. Bf4 Bf5 4. e3 e6 5. Bd3 Bxd3 6. Qxd3 Nbd7 7. Nbd2 Be7 8. h3 0-0 9. 0-0 c5 10. c3 c4 11. Qc2 b5 12. Ne5 Nxe5 13. Bxe5 Nd7 14. Bh2 f5 15. f3 Qb6 16. f4 Nf6 17. Bg3 Ne4 18. Nxe4 fxe4 19. Qe2 Rf5 20. a3 a5 21. Rfb1 Raf8 22. Rf1 Bd6 23. Bh4 Qc7 24. g4 R5f7 25. g5 g6 26. Bg3 Rf5 27. h4 Qg7 28. Kg2 h5 29. Bh2 Ra8 30. Bg3 Qf8 31. Qd2 b4 32. axb4 axb4 33. Rfb1 Rf7 34. Qc1 Rfa7 35. Be1 bxc3 36. Bxc3 Qf5 37. Rxa7 Qg4+ 38. Kf1 Qf3+ 39. Kg1 Rxa7 40. Qe1 Bc7 41. Qf2 Qxf2+ 42. Kxf2 Kf7 43. Kg3 Ke7 44. Kf2 Kd7 45. Ke2 Kc6 46. Kd2 Ra2 47. Kc2 Kb5 48. Rf1 Ra6 49. Rb1 Bd6 50. Rf1 Bb4 51. Rb1 Ra2 52. Kd2 Ra4 53. Kc2 Ka5 54. Rf1 Bxc3 55. Kxc3 Kb5 56. Rb1 Ka5 57. Re1 Rb4 58. Ra1+ Kb5 59. Rb1 Rb3+ 60. Kd2 Rd3+ 61. Ke2 Rb3 62. Kd2 Kb4 63. Ke2 Rd3 64. Ra1 Kb3 65. Ra6 Kxb2 66. Rxe6 c3 67. Rb6+ Kc2 68. Rxg6 Rd2+ 69. Ke1 Kd3 70. Rc6 c2 71. g6 Kxe3 72. Rc3+ Rd3 73. Rxc2 Rb3 74. Re2+ Kxd4 75. Rg2 Rb8 76. g7 Rg8 77. Rg5 e3 78. Ke2 Ke4 79. f5 d4 80. f6 d3+ 81. Ke1 Rc8 82. Kf1 e2+ 83. Kf2 Rc1 84. Rg1 Rxg1 85. Kxg1 e1Q+ 86. Kg2 Qe2+ 87. Kg1 d2 0-1

[Event "Padova op 8th"]
[Site "Padova"]
[Date "2005.12.13"]
[Round "4"]
[White "Zarpellon, Daniele"]
[Black "Drazic, Sinisa"]
[Result "0-1"]
[WhiteElo "2010"]
[BlackElo "2523"]
[PlyCount "196"]
[EventDate "2005.12.10"]
[EventType "swiss"]
[EventRounds "9"]
[EventCountry "ITA"]
[SourceTitle "EXT 2008"]
[Source "ChessBase"]
[SourceDate "2007.11.25"]
[SourceVersion "1"]
[SourceVersionDate "2007.11.25"]
[SourceQuality "1"]

1. d4 Nf6 2. c4 g6 3. Nc3 Bg7 4. e4 d6 5. Nf3 0-0 6. Be2 h6 7. 0-0 a6 8. h3 e5 9. dxe5 dxe5 10. Qxd8 Rxd8 11. Be3 Nc6 12. Rfd1 Be6 13. b3 Kh7 14. Rxd8 Rxd8 15. Rd1 Rxd1+ 16. Bxd1 Bf8 17. Bc2 Kg7 18. Bb1 Ne8 19. Ne2 Ba3 20. Ne1 f6 21. f3 h5 22. h4 Kf7 23. g3 Ng7 24. Kf2 Be7 25. Nc2 Bd7 26. Ne1 Ne6 27. Nd3 Ba3 28. Bc1 Bf8 29. Be3 Ba3 30. Bc1 Bd6 31. Be3 b6 32. Nc3 Ncd4 33. Ne2 Nc6 34. Nc3 Na5 35. Bc2 Ba3 36. Bc1 Bf8 37. Be3 Nc6 38. Bb1 Bd6 39. Bc2 Ncd4 40. Bd1 Kg7 41. Ne2 Nc6 42. Nc3 Be8 43. Bc2 Ncd4 44. Bd1 Bf7 45. Ne2 Nc6 46. Nc3 Na5 47. Bc2 Nc6 48. Bd1 Na5 49. Bc2 Nb7 50. Bb1 Be8 51. Bc2 Na5 52. Bd1 Bc6 53. Bc2 Bd7 54. Bd1 Nc6 55. Bc2 Kf8 56. Bd1 Kf7 57. Bc2 Nb4 58. Nxb4 Bxb4 59. Nd5 Ba3 60. Bd2 b5 61. Bd3 Bc5+ 62. Be3 Bd6 63. Nc3 b4 64. Ne2 Ke7 65. Nc1 a5 66. Bc2 Bc5 67. Bxc5+ Nxc5 68. Nd3 Ne6 69. Bd1 Kd6 70. Ke3 Nd4 71. Nc1 Bh3 72. Ne2 Nc6 73. Nc1 Be6 74. Ne2 Bf7 75. Ng1 Nd4 76. Ne2 Ne6 77. Ng1 Kc5 78. Ne2 Kb6 79. Ng1 Kc5 80. Ne2 Kd6 81. Bc2 Nd4 82. Nc1 Bg8 83. Nd3 Ne6 84. Nc1 g5 85. Bd1 Bf7 86. Ne2 Kc5 87. hxg5 fxg5 88. Ng1 h4 89. gxh4 gxh4 90. Nh3 Be8 91. Be2 a4 92. Nf2 Nf4 93. Bf1 Bd7 94. bxa4 Kb6 95. Bd3 Bxa4 96. Ng4 h3 97. Nh2 Kc5 98. Bf1 Bd7 0-1

[Event "Pedavena op 1st"]
[Site "Pedavena"]
[Date "2005.08.05"]
[Round "5"]
[White "Cortina, Federico"]
[Black "Zarpellon, Daniele"]
[Result "1-0"]
[WhiteElo "1868"]
[BlackElo "2015"]
[PlyCount "93"]
[EventDate "2005.08.03"]
[EventType "swiss"]
[EventRounds "6"]
[EventCountry "ITA"]
[SourceTitle "EXT 2007"]
[Source "ChessBase"]
[SourceDate "2006.11.23"]
[SourceVersion "1"]
[SourceVersionDate "2006.11.23"]
[SourceQuality "1"]

1. d4 f5 2. g3 Nf6 3. Bg2 e6 4. Nf3 Be7 5. 0-0 0-0 6. c4 d5 7. b3 c6 8. Ba3 Bxa3 9. Nxa3 Nbd7 10. Nc2 Ne4 11. Nce1 g5 12. Nd3 Kh8 13. Nfe5 Nd6 14. f3 f4 15. Bh3 Nf5 16. Bxf5 Rxf5 17. c5 Nxe5 18. Nxe5 Qc7 19. Qd3 Bd7 20. b4 Be8 21. a4 a6 22. Kg2 Qg7 23. Qc3 Rf8 24. e3 Bg6 25. Ra2 h5 26. Kf2 Qh7 27. Rfa1 Rf6 28. b5 Raf8 29. exf4 gxf4 30. Kg2 Be8 31. bxa6 bxa6 32. Rb2 Rg8 33. Rab1 fxg3 34. hxg3 h4 35. g4 Qh6 36. Qd2 Qf8 37. Rb7 Bh5 38. Kh3 Bxg4+ 39. fxg4 Rf3+ 40. Nxf3 Qxf3+ 41. Kh2 Qg3+ 42. Kh1 Qh3+ 43. Qh2 Qf3+ 44. Qg2 Qxg2+ 45. Kxg2 Rxg4+ 46. Kh3 Rxd4 47. Re7 1-0

[Event "Padova op-A 7th"]
[Site "Padova"]
[Date "2004.12.19"]
[Round "5"]
[White "Giancotti, Eraldo"]
[Black "Zarpellon, Daniele"]
[Result "1-0"]
[WhiteElo "2093"]
[BlackElo "1985"]
[PlyCount "79"]
[EventDate "2004.12.11"]
[EventType "swiss"]
[EventRounds "6"]
[EventCountry "ITA"]
[SourceTitle "EXT 2024"]
[Source "ChessBase"]
[SourceDate "2023.10.10"]
[SourceVersion "1"]
[SourceVersionDate "2023.10.10"]
[SourceQuality "1"]

1. d4 d5 2. c4 c6 3. cxd5 cxd5 4. Nf3 Nf6 5. Nc3 Nc6 6. Bg5 Qa5 7. Bxf6 gxf6 8. Qb3 Qb4 9. Qxb4 Nxb4 10. Rc1 Be6 11. a3 Nc6 12. e3 Bh6 13. g3 Bg4 14. Bg2 Bxf3 15. Bxf3 e6 16. 0-0 Kd7 17. Rc2 Rac8 18. Be2 Na5 19. Bb5+ Ke7 20. Rfc1 Nc6 21. Na4 Kd6 22. Nc5 Kc7 23. b4 Kb6 24. Be2 a6 25. Nd7+ Ka7 26. a4 Rcd8 27. Nxf6 Nxd4 28. exd4 Bxc1 29. Rxc1 Rc8 30. Rxc8 Rxc8 31. Nxh7 Rc1+ 32. Kg2 Ra1 33. b5 a5 34. Nf6 Rxa4 35. h4 Rxd4 36. h5 a4 37. h6 a3 38. h7 a2 39. h8Q a1Q 40. Nd7 1-0

[Event "Padova op-A 7th"]
[Site "Padova"]
[Date "2004.12.18"]
[Round "4"]
[White "Zarpellon, Daniele"]
[Black "Roberti, Ignazio"]
[Result "1-0"]
[WhiteElo "1985"]
[BlackElo "1960"]
[PlyCount "67"]
[EventDate "2004.12.11"]
[EventType "swiss"]
[EventRounds "6"]
[EventCountry "ITA"]
[SourceTitle "EXT 2024"]
[Source "ChessBase"]
[SourceDate "2023.10.10"]
[SourceVersion "1"]
[SourceVersionDate "2023.10.10"]
[SourceQuality "1"]

1. Nf3 Nf6 2. d4 c5 3. d5 e6 4. c4 exd5 5. cxd5 d6 6. Nc3 g6 7. e4 Bg7 8. Bc4 0-0 9. 0-0 b6 10. Bg5 h6 11. Bd2 Ba6 12. Qa4 Bxc4 13. Qxc4 a6 14. a4 Nbd7 15. Bf4 Qc7 16. h3 Rfe8 17. Rfe1 Nh5 18. Bh2 Ne5 19. Nxe5 Bxe5 20. Bxe5 Rxe5 21. Re3 Kg7 22. Ne2 b5 23. Qc2 Rae8 24. axb5 axb5 25. Nd4 Nf6 26. Rae1 Qd7 27. Nc6 Rh5 28. f4 g5 29. f5 Rh4 30. b3 Nh5 31. Ra1 Nf4 32. Qb2+ Kg8 33. Ra7 Qc8 34. Qf6 1-0

[Event "Padova op-A 7th"]
[Site "Padova"]
[Date "2004.12.12"]
[Round "3"]
[White "Zarpellon, Daniele"]
[Black "Guerra, Alessandro"]
[Result "0-1"]
[WhiteElo "1985"]
[BlackElo "2197"]
[PlyCount "111"]
[EventDate "2004.12.11"]
[EventType "swiss"]
[EventRounds "6"]
[EventCountry "ITA"]
[SourceTitle "EXT 2024"]
[Source "ChessBase"]
[SourceDate "2023.10.10"]
[SourceVersion "1"]
[SourceVersionDate "2023.10.10"]
[SourceQuality "1"]

1. e4 Nc6 2. d4 d6 3. Nf3 Bg4 4. Bb5 a6 5. Bxc6+ bxc6 6. 0-0 Nf6 7. Nc3 e6 8. Re1 Be7 9. Qd3 Qb8 10. Rb1 0-0 11. Bg5 h6 12. Be3 Qb7 13. Nd2 d5 14. f3 Bh5 15. Qf1 Bg6 16. g4 c5 17. g5 cxd4 18. Bxd4 hxg5 19. Qg2 c5 20. Be5 d4 21. Na4 Nd7 22. Bg3 e5 23. Nc4 f6 24. b3 Bf7 25. Qe2 Qb5 26. Nab2 a5 27. a4 Qa6 28. Kg2 g6 29. h4 gxh4 30. Bxh4 Kg7 31. Bg3 Rh8 32. Rh1 Nb6 33. Qd3 Nxc4 34. Nxc4 Qe6 35. Rbg1 Qa6 36. Rxh8 Kxh8 37. Rb1 Kg7 38. Nb2 Qxd3 39. Nxd3 Rb8 40. Nxe5 Bd6 41. Nc6 Bxg3 42. Kxg3 Ra8 43. Ne7 Ra6 44. Rd1 Kf8 45. Nd5 Bxd5 46. exd5 Rd6 47. c4 dxc3 48. Rc1 Rxd5 49. Rxc3 Ke7 50. Rc4 Kd6 51. Rc3 Rd4 52. f4 Kd5 53. Kf3 c4 54. bxc4+ Rxc4 55. Rd3+ Rd4 56. Rb3 0-1